The life of y / (Record no. 151157)

MARC details
000 -LEADER
fixed length control field 00584nam a22001817a 4500
005 - DATE AND TIME OF LATEST TRANSACTION
control field 20180413104406.0
010 ## - LCCN (DPL NO)
LC control number ENG-122616
020 ## - INTERNATIONAL STANDARD BOOK NUMBER
Terms of availability 495.00
International Standard Book Number 9789386602749
035 ## - SYSTEM CONTROL NUMBER
System control number EN-106148
037 ## - SOURCE OF ACQUISITION
Source of stock number/acquisition DBAD/PUB
082 ## - DEWEY DECIMAL CLASSIFICATION NUMBER
Classification number 305.20954
100 ## - MAIN ENTRY--PERSONAL NAME
Personal name Sengupta,Debashish
245 ## - TITLE STATEMENT
Title The life of y /
Statement of responsibility, etc by Debashish Sengupta
260 ## - PUBLICATION, DISTRIBUTION, ETC. (IMPRINT)
Date of publication, distribution, etc 2018
Place of publication, distribution, etc New Delhi
Name of publisher, distributor, etc Sage Publications India Pvt.Ltd.
270 ## - ADDRESS
Address B1/1-1 Mohan Cooperative Industrial Area,Mathura Road,
City New Delhi
Postal code 110044
Electronic mail address www.sagepub.in
300 ## - PHYSICAL DESCRIPTION
Dimensions 22cm(pbk)
Extent 284P.
942 ## - ADDED ENTRY ELEMENTS (KOHA)
Item type English Books
Source of classification or shelving scheme Dewey Decimal Classification
Call number suffix SEN
Classification part 305.20954
Holdings
Withdrawn status Lost status Not for loan Collection code Home library Current library Date acquired Source of acquisition Cost, normal purchase price Full call number Barcode Copy number Cost, replacement price Koha item type
    Not For Loan Non-fiction D.B.Act.Division Central Library 13/04/2018 DBAD/PUB 495.00 305.20954 SEN EN-106148 1 495.00 English Books

© Delhi Public Library
Hit Counter
free hit counter